Greenhouse : (Record no. 173368)

000 -LEADER
fixed length control field 01176cam a2200325 a 4500
001 - CONTROL NUMBER
control field 2618365
003 - CONTROL NUMBER IDENTIFIER
control field Nust
005 - DATE AND TIME OF LATEST TRANSACTION
control field 20180724061033.0
008 - FIXED-LENGTH DATA ELEMENTS--GENERAL INFORMATION
fixed length control field 981214s1999 nyua b 001 0 eng
010 ## - LIBRARY OF CONGRESS CONTROL NUMBER
LC control number 98055251
020 ## - INTERNATIONAL STANDARD BOOK NUMBER
International Standard Book Number 0140292586
Terms of availability Rs. 380
035 ## - SYSTEM CONTROL NUMBER
System control number (DLC) 98055251
038 ## - RECORD CONTENT LICENSOR
Staff Name Arshad
040 ## - CATALOGING SOURCE
Original cataloging agency DLC
Transcribing agency DLC
Modifying agency DLC
050 00 - LIBRARY OF CONGRESS CALL NUMBER
Classification number QC981.8.G56
Item number C48 1999
082 00 - DEWEY DECIMAL CLASSIFICATION NUMBER
Classification number 363.73874
Author Mark CHR
100 1# - MAIN ENTRY--PERSONAL NAME
Personal name Christianson, Gale E.
9 (RLIN) 11955
245 10 - TITLE STATEMENT
Title Greenhouse :
Remainder of title the 200-year story of global warming /
Statement of responsibility, etc. Gale E. Christianson.
246 30 - VARYING FORM OF TITLE
Title proper/short title 200-year story of global warming
246 3# - VARYING FORM OF TITLE
Title proper/short title Two hundred-year story of global warming
260 ## - PUBLICATION, DISTRIBUTION, ETC.
Place of publication, distribution, etc. New York :
Name of publisher, distributor, etc. Walker and Company,
Date of publication, distribution, etc. 1999.
300 ## - PHYSICAL DESCRIPTION
Extent xiii, 305 p. :
Other physical details ill. ;
Dimensions 24 cm.
504 ## - BIBLIOGRAPHY, ETC. NOTE
Bibliography, etc. note Includes bibliographical references (p. [279]-292) and index.
650 #0 - SUBJECT ADDED ENTRY--TOPICAL TERM
Topical term or geographic name entry element Global warming
General subdivision History.
9 (RLIN) 11956
856 4# - ELECTRONIC LOCATION AND ACCESS
Materials specified Table of Contents
Uniform Resource Identifier <a href="http://lcweb.loc.gov/catdir/toc/98055251.html">http://lcweb.loc.gov/catdir/toc/98055251.html</a>
906 ## - LOCAL DATA ELEMENT F, LDF (RLIN)
a 7
b cbc
c orignew
d 1
e ocip
f 19
g y-gencatlg
942 ## - ADDED ENTRY ELEMENTS (KOHA)
Source of classification or shelving scheme
Koha item type Book
Holdings
Withdrawn status Lost status Source of classification or shelving scheme Damaged status Not for loan Collection code Permanent Location Current Location Shelving location Date acquired Total Checkouts Full call number Barcode Date last seen Copy number Price effective from Koha item type
            Central Library (CL) Central Library (CL) Fiction 01/23/2017   363.73874 CHR CL269 09/18/2023 1 01/23/2017 Book
© 2023 Central Library, National University of Sciences and Technology. All Rights Reserved.